<?xml version="1.0" encoding="UTF-8"?>
<record
    xmlns:xsi="http://www.w3.org/2001/XMLSchema-instance"
    xsi:schemaLocation="http://www.loc.gov/MARC21/slim http://www.loc.gov/standards/marcxml/schema/MARC21slim.xsd"
    xmlns="http://www.loc.gov/MARC21/slim">

  <leader>02120    a2200241   4500</leader>
  <controlfield tag="001">40611</controlfield>
  <controlfield tag="005">20260407155701.0</controlfield>
  <controlfield tag="008">260407a2014    arg                 spa d</controlfield>
  <controlfield tag="003">AR-UNSa-BCEJYS</controlfield>
  <datafield tag="040" ind1=" " ind2=" ">
    <subfield code="a">AR-UNSa-BCEJYS</subfield>
    <subfield code="b">spa</subfield>
    <subfield code="c">AR-UNSa-BCEJYS</subfield>
  </datafield>
  <datafield tag="080" ind1=" " ind2=" ">
    <subfield code="a">378.147</subfield>
    <subfield code="x">M&#xE9;todos de instrucci&#xF3;n y ense&#xF1;anza universitaria</subfield>
  </datafield>
  <datafield tag="245" ind1="1" ind2="0">
    <subfield code="a">Debates universitarios acerca de lo did&#xE1;ctico y la formaci&#xF3;n docente</subfield>
    <subfield code="p">Did&#xE1;ctica general y did&#xE1;cticas espec&#xED;ficas. Estrategias de ense&#xF1;anza. Ambientes de aprendizaje</subfield>
  </datafield>
  <datafield tag="020" ind1=" " ind2=" ">
    <subfield code="a">978-987-538-389-0</subfield>
  </datafield>
  <datafield tag="264" ind1=" " ind2="1">
    <subfield code="a">Buenos Aires :</subfield>
    <subfield code="b">Noveduc</subfield>
    <subfield code="c">2014</subfield>
  </datafield>
  <datafield tag="300" ind1=" " ind2=" ">
    <subfield code="a">149 p.</subfield>
    <subfield code="c">28 cm.</subfield>
  </datafield>
  <datafield tag="505" ind1=" " ind2=" ">
    <subfield code="a">1. Dilemas, problemas y tensiones en la formaci&#xF3;n did&#xE1;ctica de los docentes - 2. Did&#xE1;ctica/s y pr&#xE1;cticas docentes: aportes, tensiones, limitaciones - 3. Ense&#xF1;ar did&#xE1;ctica en los espacios de formaci&#xF3;n docente universitaria. Mi desaf&#xED;o - 4. Reflexiones acerca del concepto de transposici&#xF3;n did&#xE1;ctica y su tratamiento en la formaci&#xF3;n docente - 5. &#xBF;Qu&#xE9; aporta la pedagog&#xED;a a la formaci&#xF3;n docente? &#xBF;C&#xF3;mo se vincula con la did&#xE1;ctica? - 6. Did&#xE1;ctica, psicolog&#xED;a y curriculum: encuentros y desencuentros - 7. Psicoan&#xE1;lisis y acto educativo - 8. Las tensiones en el campo de la did&#xE1;ctica: did&#xE1;ctica de nivel superior como did&#xE1;ctica espec&#xED;fica - 9. La did&#xE1;ctica de nivel medio como s&#xED;ntesis de saberes. Im&#xE1;genes de la did&#xE1;ctica de nivel medio - 10. Las did&#xE1;cticas espec&#xED;ficas como espacios de confluencia - 11. Una reflexi&#xF3;n acerca de la did&#xE1;ctica y las did&#xE1;cticas espec&#xED;ficas: el caso de la did&#xE1;ctica de la biolog&#xED;a - 12. Entre la historia y su ense&#xF1;anza: el lugar de la did&#xE1;ctica de la historia - 13. La did&#xE1;ctica al rescate de la qu&#xED;mica, una disciplina en problemas - 14. La did&#xE1;ctica de la econom&#xED;a - 15. Tematizaci&#xF3;n de la noci&#xF3;n de transposici&#xF3;n did&#xE1;ctica desde la filosof&#xED;a y su did&#xE1;ctica</subfield>
  </datafield>
  <datafield tag="041" ind1=" " ind2=" ">
    <subfield code="a">spa</subfield>
  </datafield>
  <datafield tag="942" ind1=" " ind2=" ">
    <subfield code="c">BK</subfield>
  </datafield>
  <datafield tag="590" ind1=" " ind2=" ">
    <subfield code="a">niveau_biblio:m niveau_hierar:0</subfield>
  </datafield>
  <datafield tag="100" ind1="1" ind2=" ">
    <subfield code="a">Malet, Ana Mar&#xED;a</subfield>
  </datafield>
  <datafield tag="700" ind1="1" ind2=" ">
    <subfield code="a">Monetti, Elda M.</subfield>
  </datafield>
  <datafield tag="856" ind1="4" ind2="1">
    <subfield code="u">https://biblioeco.unsa.edu.ar/pmb/images/libros/L126169.jpg</subfield>
    <subfield code="y">Imagen de portada</subfield>
    <subfield code="q">image/jpeg</subfield>
  </datafield>
  <datafield tag="999" ind1=" " ind2=" ">
    <subfield code="c">3261</subfield>
    <subfield code="d">3261</subfield>
  </datafield>
  <datafield tag="952" ind1=" " ind2=" ">
    <subfield code="0">0</subfield>
    <subfield code="1">0</subfield>
    <subfield code="4">0</subfield>
    <subfield code="7">0</subfield>
    <subfield code="a">BCEJYS</subfield>
    <subfield code="b">BCEJYS</subfield>
    <subfield code="c">16</subfield>
    <subfield code="d">2026-04-07</subfield>
    <subfield code="l">0</subfield>
    <subfield code="o">378.147 M247</subfield>
    <subfield code="p">L126169</subfield>
    <subfield code="r">2026-04-07 15:57:01</subfield>
    <subfield code="w">2026-04-07</subfield>
    <subfield code="y">L</subfield>
  </datafield>
  <datafield tag="952" ind1=" " ind2=" ">
    <subfield code="0">0</subfield>
    <subfield code="1">0</subfield>
    <subfield code="4">0</subfield>
    <subfield code="7">0</subfield>
    <subfield code="a">BCEJYS</subfield>
    <subfield code="b">BCEJYS</subfield>
    <subfield code="c">16</subfield>
    <subfield code="d">2026-04-07</subfield>
    <subfield code="l">0</subfield>
    <subfield code="o">378.147 M247</subfield>
    <subfield code="p">L126188</subfield>
    <subfield code="r">2026-04-07 15:57:01</subfield>
    <subfield code="w">2026-04-07</subfield>
    <subfield code="y">L</subfield>
  </datafield>
</record>
